000 00574nam a2200229Ia 4500
003 OSt
005 20221005124709.0
006 a|||||r|||| 00| 0
007 ta
008 221004b |||||||| |||| 00| 0 mar d
024 _a46609
037 _cTextual
040 _aCRL
_cCRL
_bmar
041 _2mar
_amar
082 _aDelta25, 155K2
100 _aShivchaitanya Au.
_9635651
245 0 _aNavavidha bhakti
260 _c1962
650 _aSPIRITUALISM
942 _hDelta25, 155K2
_cTEXL
_2cc
999 _c1051344
_d1051344